Microbiology / (رقم التسجيلة. 32199)

تفاصيل مارك
000 -الفاتح
حقل البيانات ثابتة الطول 01830cam a22004094a 4500
001 - رقم الضبط
رقم الضبط 16627368
003 - محدد رقم الضبط
رقم الضبط OSt
005 - وقت وتاريخ اخر تعامل مع التسجيلة
رقم الضبط 20150408114153.0
008 - عناصر البيانات ثابتة الطول - معلومات عامة
حقل البيانات ثابتة الطول 110121s2011 nyua b 001 0 eng
010 ## - رقم ضبط مكتبة الكونجرس
رقم ضبط مكتبة الكونجرس 2011003161
020 ## - الرقم الدولى المعيارى للكتب
الرقم الدولى المعيارى للكتاب 9780415607704 (pbk.)
035 ## - رقم ضبط النظام
رقم ضبط النظام (DNLM)101552071
040 ## - مصدر الفهرسة
وكالة الفهرسة الأصلية DNLM/DLC
وكالة النسخ DLC
042 ## - رمز التحقق
رمز التحقق pcc
050 00 - رقم طلب مكتبة الكونجرس
رقم التصنيف QR41.2
رقم المادة .B34 2011
060 10 - رقم الطلب بالمكتبة الطبية الوطنية
رقم التصنيف QW 18.2
082 00 - رقم تصنيف ديوى العشرى
رقم التصنيف 579
رقم الطبعة 22
رقم المادة BSM
100 1# - المدخل الرئيسى - إسم شخصى
الإسم الشخصى Baker, Simon,
التواريخ المصاحبة للاسم 1966-
9 (RLIN) 40131
245 10 - بيان العنوان
العنوان Microbiology /
بيان المسئوليه,etc Simon Baker, Jane Nicklin, Caroline Griffiths.
250 ## - بيان الطبعة
بيان الطبعة 4th ed.
260 ## - PUBLICATION, DISTRIBUTION, ETC. (IMPRINT)
مكان الناشر او الموزع New York :
اسم الناشر او الموزع Garland Science,
تاريخ النشر أو التوزيع c2011.
300 ## - الوصف المادى
التعداد viii, 352 p. :
تفاصيل ماديه اخرى للوعاء ill. ;
أبعاد الوعاء 25 cm.
490 1# - بيان السلسلة
عنوان السلسلة BIOS instant notes
500 ## - تبصرة عامة
تبصرة عامة Rev. ed. of: Microbiology / S. Baker ... [et al.]. 3rd ed. 2007.
504 ## - تبصرة ببليوجرافية
تبصرة ببليوجرافية,الخ Includes bibliographical references and index.
520 ## - التبصرة الخاصة بالتعليق أو التلخيص
ملخص,الخ "BIOS Instant Notes in Microbiology, fourth edition, is a concise microbiology textbook for undergraduates. All of the important areas of microbiology are covered in a format that is ideal for learning and rapid revision. Each topic begins with a summary of the essential facts-an ideal revision checklist-followed by a description of the subject that focuses on the core information, with clear simple diagrams that are easy for students to understand and recall in essays and examinations"--Provided by publisher.
650 #0 - المدخل الاضافى بالموضوع-مصطلح موضوعى
مصطلح موضوعي أو اسم جغرافي كعنصر مدخل Microbiology
التقسيم الفرعي الشكلي Textbooks.
9 (RLIN) 40132
650 12 - المدخل الاضافى بالموضوع-مصطلح موضوعى
مصطلح موضوعي أو اسم جغرافي كعنصر مدخل Microbiology
التقسيم الفرعي الشكلي Outlines.
9 (RLIN) 6581
650 22 - المدخل الاضافى بالموضوع-مصطلح موضوعى
مصطلح موضوعي أو اسم جغرافي كعنصر مدخل Microbiological Processes
التقسيم الفرعي الشكلي Outlines.
9 (RLIN) 40133
700 1# - المدخل الاضافى - اسم شخصى
الإسم الشخصى Nicklin, J.
الشكل الأكمل للاسم (Jane)
9 (RLIN) 40134
700 1# - المدخل الاضافى - اسم شخصى
الإسم الشخصى Griffiths, Caroline.
9 (RLIN) 40135
730 0# - المدخل الاضافى- عنوان موحد
عنوان موحد Microbiology.
9 (RLIN) 19587
830 #0 - المدخل الاضافى بالسلسلة -عنوان موحد
عنوان موحد BIOS instant notes.
9 (RLIN) 40126
906 ## - عنصر بيانات محلى F, LDF (RLIN)
a 7
b cbc
c orignew
d 1
e ecip
f 20
g y-gencatlg
942 ## - عناصر المدخل الإضافي( كوها)
مصدر التصنيف او مخطط الترفيف Dewey Decimal Classification
Koha [default] item type DVD
المقتنيات
حالة الفقد نموذج السعر الفعال حالة تلف ليس للاعارة رقم الطلب تاريخ الاكتساب الموقع الحالي الباركود الفرع الرئيسي Date last seen نوع المادة فى نظام كوها مصدر التصنيف او خطة الترفيف Total Checkouts
  2013-12-13     579 BSM 2013-12-13 المكتبة المركزية بالمجمعة (CL) 00453213 المكتبة المركزية بالمجمعة (CL) 2013-12-13 كتاب Dewey Decimal Classification  
  2013-12-13     579 BSM 2013-12-13 المكتبة المركزية بالمجمعة (CL) 00453214 المكتبة المركزية بالمجمعة (CL) 2013-12-13 كتاب Dewey Decimal Classification  
  2013-12-13     579 BSM 2013-12-13 المكتبة المركزية بالمجمعة (CL) 00453215 المكتبة المركزية بالمجمعة (CL) 2013-12-13 كتاب Dewey Decimal Classification  
  2013-12-13     579 BSM 2013-12-13 مكتبة مجمع الكليات بالزلفى - طلاب (SZM) 00453216 مكتبة مجمع الكليات بالزلفى - طلاب (SZM) 2013-12-13 كتاب Dewey Decimal Classification  
  2013-12-13     579 BSM 2013-12-13 مكتبة مجمع الكليات بالزلفى - طلاب (SZM) 00453217 مكتبة مجمع الكليات بالزلفى - طلاب (SZM) 2013-12-13 كتاب Dewey Decimal Classification  
  2013-12-13     579 BSM 2013-12-13 مكتبة مجمع الكليات بالزلفى - طلاب (SZM) 00453218 مكتبة مجمع الكليات بالزلفى - طلاب (SZM) 2013-12-13 كتاب Dewey Decimal Classification